[Event "Challenge"]
[Site "http://www.queenalice.com/game.php?id=1322560"]
[Date "2014.11.17"]
[Round "-"]
[White "nereu"]
[Black "Rubenscb"]
[Result "0-1"]
[WhiteElo "1653"]
[BlackElo "1671"]

1. e4 e5 2. Nf3 Nc6 3. Bc4 Nf6 4. Nc3 Bb4 5. d4 exd4 6. Nxd4 Bxc3+ 7. bxc3 Nxe4
8. Qe2 Qe7 9. Nxc6 dxc6 10. Ba3 c5 11. Qe3 Be6 12. Qxe4 Bxc4 13. Qxe7+ Kxe7 14.
Bxc5+ Kd7 15. a3 Rhe8+ 16. Kd2 Re2+ 17. Kd1 Kc6 18. Bd4 Rd8 19. Kc1 a5 20. Kb2
b5 21. g3 g5 22. a4 b4 23. cxb4 Rxd4 24. bxa5 Rdd2 25. Rhc1 Rxf2 26. Kc3 Ba6 27.
Ra2 Rxh2 28. Kb4 Rd4+ 29. Kc3 Kc5 30. Re1 Re2 31. Rxe2 Bxe2 32. a6 Bxa6 0-1

[Event "Challenge"]
[Site "http://www.queenalice.com/game.php?id=1322561"]
[Date "2014.11.17"]
[Round "-"]
[White "ORNELAS"]
[Black "Rubenscb"]
[Result "1-0"]
[WhiteElo "1640"]
[BlackElo "1668"]

1. e4 e5 2. c3 Nf6 3. d3 Nc6 4. Bg5 d6 5. Nf3 Bg4 6. Nbd2 Be7 7. h3 Bxf3 8. Nxf3
b5 9. Nh4 b4 10. Qa4 Qd7 11. cxb4 Nd4 12. Qd1 Qc6 13. Rc1 Qb5 14. a3 h6 15. Be3
g5 16. Nf5 Nxf5 17. exf5 c5 18. Be2 a5 19. O-O O-O 20. d4 Qc6 21. Bf3 e4 22. Be2
Nd5 23. bxc5 Nxe3 24. fxe3 dxc5 25. dxc5 Rfd8 26. Qc2 f6 27. a4 Rac8 28. Bh5 Kf8
29. Qc4 Qd5 30. Qxd5 Rxd5 31. Bg6 Rd2 32. c6 Rxb2 33. Rf2 Rb4 34. Ra2 Bd6 35.
Rd2 Bc7 36. Rd4 Rxd4 37. exd4 Bb6 38. Kh1 Bxd4 39. Rc4 Be5 40. Rc5 Rd8 41. Rc1
Bc7 42. Bh5 e3 43. Be2 Rd4 44. Bb5 Rf4 45. Re1 Bb6 46. c7 Bxc7 47. Rxe3 Rxf5 48.
g4 Re5 49. Rc3 Bb6 50. Rc6 Be3 51. Rxf6+ Kg7 52. Ra6 Bd2 53. Ra7+ Kf8 54. Ra8+
Kg7 55. Ra7+ Kf6 56. Ra6+ Re6 57. Ra8 Ke5 58. Bc4 Kf4 59. Bxe6 1-0

[Event "Challenge"]
[Site "http://www.queenalice.com/game.php?id=1329245"]
[Date "2014.12.19"]
[Round "-"]
[White "nereu"]
[Black "Rubenscb"]
[Result "0-1"]
[WhiteElo "1616"]
[BlackElo "1670"]

1. e4 e5 2. Nf3 Nc6 3. Bb5 Nf6 4. Nc3 Bc5 5. Bxc6 dxc6 6. O-O Bg4 7. h3 Bxf3 8.
Qxf3 Bd4 9. Qg3 Bxc3 10. Qxc3 Qd4 11. Qg3 Nxe4 12. Qxg7 O-O-O 13. Qxf7 Rhg8 14.
Qf5+ Rd7 15. d3 Ng3 16. c3 Nxf5 17. cxd4 Nxd4 18. Kh2 Nc2 19. Rb1 Rxd3 20. b3 h5
21. Bb2 e4 22. Rbc1 Nb4 23. a3 Nd5 24. Rc5 Nf4 25. g3 Rd5 26. Rxd5 Nxd5 27. Bd4
b6 28. Re1 c5 29. Be5 Rf8 30. Kg2 Rf3 31. Rb1 Nc3 32. Bxc3 Rxc3 33. h4 c4 34.
bxc4 Rxa3 35. Rc1 Ra2 36. Rd1 e3 37. Kf1 Rxf2+ 38. Kg1 Rd2 39. Re1 e2 40. Kf2 a5
41. Ke3 Ra2 42. Kf4 Rd2 43. Kg5 a4 44. Kxh5 a3 45. g4 a2 46. g5 Rd1 47. Rxe2
a1=Q 48. Re8+ Kd7 49. Rg8 Rh1 50. g6 Qe5+ 0-1

[Event "Challenge"]
[Site "http://www.queenalice.com/game.php?id=1329246"]
[Date "2014.12.19"]
[Round "-"]
[White "Rubenscb"]
[Black "nereu"]
[Result "1-0"]
[WhiteElo "1655"]
[BlackElo "1631"]

1. e4 e5 2. Nf3 Nc6 3. Nc3 Nf6 4. Nd5 Bc5 5. Nxf6+ Qxf6 6. d3 Nd4 7. Nxd4 Bxd4
8. Be3 Bxe3 9. fxe3 d6 10. Qf3 Qxf3 11. gxf3 Be6 12. f4 Bg4 13. f5 O-O-O 14. h3
Bh5 15. Be2 Bxe2 16. Kxe2 g6 17. f6 Kb8 18. d4 Rde8 19. d5 Rc8 20. c4 b6 21. b4
Ka8 22. a4 h5 23. h4 c6 24. dxc6 Rxc6 25. Kd3 Re8 26. b5 Rc5 27. a5 Kb7 28. Rhf1
Ra8 29. a6+ Kc7 30. Rad1 Re8 31. Kc3 Kd7 32. Rd5 Rc7 33. Rfd1 Rec8 34. Rxd6+ Ke8
35. Rc6 Rxc6 36. bxc6 Rxc6 37. Rd5 Re6 38. c5 bxc5 39. Rxc5 Kd7 40. Kc4 Kd6 41.
Rd5+ Kc6 42. Rc5+ Kb6 43. Rd5 Kxa6 44. Kc5 Ka5 45. Rd6 Re8 46. Rd7 Rf8 47. Rxa7#
1-0

[Event "Challenge"]
[Site "http://www.queenalice.com/game.php?id=1334703"]
[Date "2015.1.13"]
[Round "-"]
[White "Rubenscb"]
[Black "nereu"]
[Result "1-0"]
[WhiteElo "1640"]
[BlackElo "1638"]

1. e4 e5 2. Nf3 Nc6 3. Nc3 Nf6 4. d4 d6 5. d5 Ne7 6. Bb5+ Bd7 7. Bxd7+ Qxd7 8.
Bg5 Ng6 9. Bxf6 gxf6 10. O-O Bg7 11. Qe2 O-O 12. Qb5 Qc8 13. b4 a6 14. Qc4 Nf4
15. Ne2 Qg4 16. Nxf4 Qxf4 17. Qd3 Kh8 18. g3 Qg4 19. h3 Qxh3 20. Ne1 Bh6 21. g4
Qxg4+ 22. Ng2 Rg8 23. Qg3 Qxe4 24. f3 Qd4+ 25. Qf2 Be3 26. Qxe3 Qxe3+ 27. Kh1
Rg7 28. Nxe3 Rag8 29. Rg1 Rxg1+ 30. Rxg1 Re8 31. c4 b6 32. a4 h6 33. Kh2 Kh7 34.
Kh3 Rf8 35. Ng4 h5 36. Nxf6+ Kh6 37. Kh4 a5 38. Rg8 Rxg8 39. Nxg8+ Kg6 40. Ne7+
Kh6 41. Nf5+ Kg6 42. bxa5 Kxf5 43. a6 Kf4 44. a7 Kxf3 45. a8=Q e4 46. Qf8 e3 47.
Qxf7+ Ke4 48. Qe6+ Kd3 49. Qf5+ Kd2 50. Qf4 Kd3 51. c5 bxc5 52. Qf5+ Kd2 53. Qf4
Kd3 54. a5 e2 55. Qc1 c4 56. a6 c3 57. a7 c2 58. a8=Q 1-0

[Event "Challenge"]
[Site "http://www.queenalice.com/game.php?id=1334704"]
[Date "2015.1.13"]
[Round "-"]
[White "nereu"]
[Black "Rubenscb"]
[Result "1-0"]
[WhiteElo "1620"]
[BlackElo "1658"]

1. e4 c5 2. Nf3 d5 3. exd5 Nf6 4. Bc4 Bg4 5. Nc3 e6 6. dxe6 Bxe6 7. Bxe6 fxe6 8.
O-O Nc6 9. d3 Nd4 10. Bg5 Bd6 11. Ne4 Be7 12. Nxf6+ Bxf6 13. Bxf6 Qxf6 14. Nxd4
cxd4 15. Qd2 O-O 16. Rae1 Rae8 17. f3 e5 18. Rf2 Qf4 19. Qb4 Rf7 20. Re4 Qc1+
21. Re1 Qg5 22. Qc5 Ref8 23. Rxe5 Qc1+ 24. Rf1 Qd2 25. Rfe1 Qf4 26. R5e4 Qc7 27.
Qxd4 b6 28. Qd5 Qc5+ 29. Qxc5 bxc5 30. c3 h5 31. Re5 g6 32. Rxc5 Rf5 33. Rc6 Kg7
34. Rc7+ R8f7 35. Rc8 a5 36. Ra8 Kf6 37. Rd8 g5 38. d4 Re7 39. Rd1 g4 40. fxg4
hxg4 41. d5 Kf7 42. d6 Re8 43. Rd7+ Kf8 44. Rc7 Rf7 45. d7 Rd8 46. Rc8 Ke7 47.
Rc7 Kf6 48. b4 Ke6 49. bxa5 Rdxd7 50. Rcxd7 Rxd7 51. Rxd7 Kxd7 52. a6 Kc7 53. h3
gxh3 54. gxh3 Kb6 55. h4 1-0

[Event "Challenge"]
[Site "http://www.queenalice.com/game.php?id=1572024"]
[Date "2019.5.23"]
[Round "-"]
[White "Rubenscb"]
[Black "nereu"]
[Result "1-0"]
[WhiteElo "1653"]
[BlackElo "1622"]

1. e4 e5 2. Nf3 Nc6 3. Bc4 Nf6 4. Nc3 Bc5 5. O-O O-O 6. d3 d6 7. Bg5 Nd4 8. Nxd4
Bxd4 9. Nd5 h6 10. Nxf6+ gxf6 11. Bxh6 Re8 12. Qf3 Kh7 13. Qh5 Kh8 14. Bf8+ Kg8
15. Qxf7+ 1-0

[Event "Challenge"]
[Site "http://www.queenalice.com/game.php?id=1573185"]
[Date "2019.6.2"]
[Round "-"]
[White "Rubenscb"]
[Black "nereu"]
[Result "1-0"]
[WhiteElo "1668"]
[BlackElo "1607"]

1. d4 Nf6 2. Nc3 e6 3. Nf3 d5 4. Bg5 Be7 5. Bxf6 Bxf6 6. e4 g6 7. e5 Bg7 8. Bd3
Nc6 9. Bb5 Bd7 10. O-O O-O 11. Bxc6 Bxc6 12. b4 a6 13. a4 b5 14. a5 Qe7 15. Rb1
Bb7 16. Qd2 c6 17. Qf4 f6 18. exf6 Rxf6 19. Qg3 Rf7 20. Ne5 Bxe5 21. dxe5 Raf8
22. f4 Rf5 23. Ne2 Kg7 24. Nd4 R5f7 25. c3 Re8 26. Qg5 Qxg5 27. fxg5 Rc7 28. Rf6
Rce7 29. h4 Rc8 30. Rbf1 c5 31. bxc5 Rxc5 32. Nxe6+ Rxe6 33. Rxe6 Rc7 34. g4 Bc8
35. Rd6 Bb7 36. h5 h6 37. Rxg6+ Kh7 38. Rff6 Rg7 39. Rxg7+ Kxg7 40. g6 Bc8 41.
Rf7+ Kg8 42. Rh7 1-0

[Event "Challenge"]
[Site "http://www.queenalice.com/game.php?id=1576050"]
[Date "2019.7.1"]
[Round "-"]
[White "nereu"]
[Black "Rubenscb"]
[Result "0-1"]
[WhiteElo "1611"]
[BlackElo "1684"]

1. e4 e5 2. Nf3 Nc6 3. Bc4 Nf6 4. Nc3 Bc5 5. O-O d6 6. d3 Bg4 7. a3 Nd4 8. b4
Nxf3+ 9. gxf3 Bh3 10. Re1 Bd4 11. Bb2 Bxc3 12. Bxc3 Nxe4 13. Bd2 Qf6 14. fxe4
Qg6+ 0-1

[Event "Challenge"]
[Site "http://www.queenalice.com/game.php?id=1576385"]
[Date "2019.7.4"]
[Round "-"]
[White "nereu"]
[Black "Rubenscb"]
[Result "0-1"]
[WhiteElo "1646"]
[BlackElo "1697"]

1. e4 e5 2. Nf3 Nc6 3. Bc4 Nf6 4. Nc3 Bc5 5. O-O d6 6. h3 Nd4 7. Nxd4 Bxd4 8.
Qf3 Be6 9. Bxe6 Bxc3 10. Qxc3 fxe6 11. d3 c5 12. Bg5 O-O 13. f3 Nxe4 14. Bxd8
Nxc3 15. bxc3 Raxd8 16. c4 g5 17. g4 d5 18. Rfd1 Rxf3 19. cxd5 exd5 20. Re1 e4
21. dxe4 dxe4 22. Kh2 Rd2+ 23. Kg1 Rxc2 24. Rxe4 Rxh3 25. a4 Rg3+ 26. Kf1 Rgg2
27. Ke1 Rg1# 0-1

[Event "Challenge"]
[Site "http://www.queenalice.com/game.php?id=1578887"]
[Date "2019.7.30"]
[Round "-"]
[White "josebaron"]
[Black "Rubenscb"]
[Result "1-0"]
[WhiteElo "1977"]
[BlackElo "1711"]

1. e4 e5 2. Bc4 Nc6 3. Nf3 Nf6 4. Nc3 Bb4 5. d3 d5 6. exd5 Bxc3+ 7. bxc3 Nxd5 8.
Bd2 Bg4 9. O-O Nf4 10. Bxf4 exf4 11. Re1+ Ne7 12. h3 Bxf3 13. Qxf3 O-O 14. Qxf4
Ng6 15. Qf3 c6 16. a4 a5 17. Re4 Qf6 18. Qxf6 gxf6 19. Rg4 Rae8 20. h4 Kh8 21.
h5 Ne5 22. Rf4 Nxc4 23. Rxc4 Rg8 24. Rb1 Rb8 25. Rc5 Rg5 26. Rxc6 Rxh5 27. Rxf6
Kg7 28. Rfb6 Re5 29. Rxb7 Rxb7 30. Rxb7 Re2 31. Rb5 Rxc2 32. c4 Rd2 33. c5 Rxd3
34. Rxa5 Rd8 35. c6 Rc8 36. Ra6 Kf8 37. a5 Ke8 38. Rb6 Kd8 39. a6 Ra8 40. c7+
Kxc7 41. Rb7+ Kc6 42. Rxf7 Kb6 43. Rxh7 Kxa6 44. f4 Rf8 45. g3 Kb6 46. Kf2 Kc6
47. Re7 Kd6 48. Re5 Rf6 49. Kf3 Rf7 50. g4 Rf6 51. g5 Rg6 52. Kg4 Rg7 53. Re1
Rg6 54. f5 Rg7 55. g6 Kd5 56. Kg5 Kd4 57. f6 1-0

[Event "Challenge"]
[Site "http://www.queenalice.com/game.php?id=1580681"]
[Date "2019.8.18"]
[Round "-"]
[White "nereu"]
[Black "Rubenscb"]
[Result "0-1"]
[WhiteElo "1703"]
[BlackElo "1708"]

1. d4 d5 2. Nf3 Nc6 3. Nc3 Nf6 4. e3 Bg4 5. Be2 e6 6. Bd2 Bb4 7. O-O O-O 8. Qb1
Ne4 9. Qe1 Nxd2 10. Qxd2 Qf6 11. h3 Bxf3 12. Bxf3 Rfe8 13. Qd3 e5 14. Ne2 e4 15.
Qb5 exf3 16. gxf3 Qg6+ 17. Kh2 Bd6+ 18. Nf4 Bxf4+ 19. exf4 Nxd4 20. Rfe1 Nxb5
0-1

[Event "Challenge"]
[Site "http://www.queenalice.com/game.php?id=1580682"]
[Date "2019.8.18"]
[Round "-"]
[White "Rubenscb"]
[Black "nereu"]
[Result "1-0"]
[WhiteElo "1724"]
[BlackElo "1687"]

1. e4 c5 2. Nc3 Nc6 3. Nf3 e5 4. Bc4 h6 5. d3 d6 6. Nd5 Nf6 7. Nxf6+ Qxf6 8. Bb5
Bd7 9. c4 Qg6 10. g3 Be7 11. Bxc6 Bxc6 12. O-O O-O 13. a3 Bd7 14. Re1 Bg4 15. b4
b6 16. b5 Qh5 17. Kg2 Qh3+ 18. Kh1 f5 19. Ng1 Qh5 20. f3 Bh3 21. Nxh3 Qxh3 22.
f4 Rf6 23. Qf3 Raf8 24. Bb2 Re6 25. Re3 Qg4 26. Qxg4 fxg4 27. f5 Ref6 28. Rf1
R6f7 29. h4 gxh3 30. g4 Bg5 31. Rxh3 Rf6 32. Bc1 Bxc1 33. Rxc1 Kh7 34. g5 1-0